| 000 | 00444nam a2200169 a 4500 | ||
|---|---|---|---|
| 005 | 20231027063559.0 | ||
| 008 | 991125s1955 mx 000 0 spa u | ||
| 035 | _aUPN01000000021 | ||
| 049 | _aSEP | ||
| 050 | 4 |
_aPQ7297 A3 _bA4.7 |
|
| 100 | 1 |
_aAlvarez Acosta, Miguel, _d1907-1996 |
|
| 245 | 1 | 0 |
_a3 discursos / _cMiguel Alvarez Acosta. |
| 260 |
_aMéxico : _bSEP, _c1955. |
||
| 300 | _a41 p. | ||
| 650 | 4 |
_aCrítica literaria _911578 |
|
| 905 | _aLibro | ||
| 999 |
_c21 _d21 |
||